Statistiques concernant Culture Générale - Série 67

Cliquez ici pour prendre le quiz!

Statistiques générales

  • Ce quiz a été pris 254 fois
  • Le résultat moyen est 3 sur 10

Statistiques - réponses

QuestionRéponse% Correct
Nom d'un directeur de cirque, passé dans le langage courant pour désigner le maître de la piste, le chef d’orchestre des numéros, particulièrement des entrées de clowns : Monsieur ...?Loyal
65%
Enfant de Paris, déluré, dégourdi, farceur avec une connaissance approfondie de Paris et ses rues, dont l'archétype est le personnage de Gavroche dans le roman Les Misérables de Victor HugoTiti
59%
Comment appelle-t-on le mâle de la truie ?Verrat
48%
Comment s'appelle la salle de spectacle située à Nogent-sur-Marne, près de Paris : pavillon ...?Baltard
47%
Autre nom du veau marinPhoque
43%
Qu'est-ce qu'une oriflamme ?Etendard
22%
Paysan russeMoujik
21%
Vaste demeure de plaisance construite par des armateurs de Saint-Malo aux 17ème et 18ème sièclesMalouinière
12%
Roseaux souples et résistants fendus en deux dans le sens de la longueur et dont on fait des claies ou des rideaux protecteursCanisses
11%
Charrette étroite et longue, dépourvue de ridelles, et servant essentiellement au transport des tonneauxHaquet
2%

Distribution des résultats

Percentile par nombre de réponses

% des personnes avec chaque résultat

Votre développement - résultats

Vous n’avez pas pris ce quiz